000 00763nam a2200241 a 4500
001 BRCA_5774
005 20190320205218.0
008 151112s1990----mx-#######---#000-0#spa-#
020 _a9688422150
041 _aspa
044 _amx
050 4 _aHD9834.M4
_b.L46 1990
100 1 _aLenz, Hans
_914649
245 1 0 _aHistoria del papel en México y cosas relacionadas
_b(1525-1950)
_cHans Lenz.
260 _aMéxico
_bMiguel Angel Porrúa
_c1990
300 _a798 p.
_bil. (algunas a color)
_c28 cm.
500 _aIncluye índice onomástico e índice de ilustraciones
500 _aColección Sonia Corcuera de Mancera
504 _aBibliografía: p. 761-771
650 1 4 _aIndustria del papel
_xHistoria
_zMéxico
_914650
902 _aDSC
942 _2lcc
_cB
999 _c5463
_d5463